000 00460nam a2200133Ia 4500
008 220620s9999||||xx |||||||||||||| ||und||
020 _a9780260000000
100 _aWilliamson, Ben
245 4 _aThe Future of the Curriculum
_bSchool Knowledge in the Digital Age
546 _aEnglish[eng]
650 _aCurriculum planning and development||Impact of science and technology on society
856 _uhttps://doi.org/10.7551/mitpress/9457.001.0001
942 _cEB
999 _c32775
_d32775